Basic Knowledge of the United States - Statistics

General Stats
  • This quiz has been taken 117 times
  • The average score is 12 of 13
Answer Stats
Hint Answer % Correct
Which continent is the United States located on? North America
100%
How many states are there? 50
98%
What are the 3 colors on the American flag? Blue
98%
Bordering Countries Canada
98%
Mexico
98%
Red
98%
White
98%
Current president of the United States Joe Biden
95%
Largest state by population. California
93%
Which country did it gain independence from? United Kingdom
93%
Largest state by area. Alaska
91%
Famous landmark gifted from France. Statue of Liberty
91%
How many stripes are on the American flag? 13
89%
No matching quizzes found
Score Distribution
Percent of People with Each Score
Percentile by Number Answered
Your Score History
You have not taken this quiz